Magnetic helicity, spheromaks, solar corona loops, and astrophysical jets (Record no. 19392)

MARC details
000 -LEADER
fixed length control field 00611nam a2200193Ia 4500
003 - CONTROL NUMBER IDENTIFIER
control field IN-BaIIA
008 - FIXED-LENGTH DATA ELEMENTS--GENERAL INFORMATION
fixed length control field 211028s9999 xx 000 0 eng d
020 ## - INTERNATIONAL STANDARD BOOK NUMBER
International Standard Book Number 978-1-78634-514-1
040 ## - CATALOGING SOURCE
Transcribing agency IIA Library
080 ## - UNIVERSAL DECIMAL CLASSIFICATION NUMBER
Universal Decimal Classification number 523.9
Item number BEL
100 ## - MAIN ENTRY--PERSONAL NAME
Personal name Bellan, Paul M
9 (RLIN) 30154
245 #0 - TITLE STATEMENT
Title Magnetic helicity, spheromaks, solar corona loops, and astrophysical jets
Statement of responsibility, etc. Paul M Bellan
260 ## - PUBLICATION, DISTRIBUTION, ETC.
Place of publication, distribution, etc. New Jersey
Name of publisher, distributor, etc. World Scientific
Date of publication, distribution, etc. 2018
300 ## - PHYSICAL DESCRIPTION
Extent xxii, 630p.
650 ## - SUBJECT ADDED ENTRY--TOPICAL TERM
Topical term or geographic name entry element Magnetohydrodynamics
9 (RLIN) 1666
650 ## - SUBJECT ADDED ENTRY--TOPICAL TERM
Topical term or geographic name entry element Solar Corona
650 ## - SUBJECT ADDED ENTRY--TOPICAL TERM
Topical term or geographic name entry element Spheromaks
9 (RLIN) 23999
942 ## - ADDED ENTRY ELEMENTS (KOHA)
Koha item type Books
Holdings
Withdrawn status Lost status Damaged status Not for loan Home library Current library Shelving location Date acquired Source of acquisition Total Checkouts Full call number Barcode Date last seen Date last checked out Price effective from Koha item type
        IIA Library-Bangalore IIA Library-Bangalore General Stacks 26/02/2019 SURYA 1 523.9/ BEL 20314 23/03/2023 02/02/2023 26/02/2019 Books

Powered by Koha